THE ESTADOS UNIDOS AFFAIR: CINCO ENSAYOS SOBRE UN AMOR OBLICUO /

Esta obra es un lúcido y devastador análisis sobre las relaciones bilaterales entre Estados Unidos y México. En estos ensayos, Jorge Castañeda advierte la necesidad de cuestionar los acuerdos que el gobierno mexicano ha negociado durante las dos últimas décadas con Estados Unidos, de plantear nuevas...

Ful tanımlama

Kaydedildi:
Detaylı Bibliyografya
Yazar: Castañeda, Jorge G. (autor)
Materyal Türü: Kitap
Seri Bilgileri:NUEVO SIGLO
Konular:
Etiketler: Etiketle
Etiket eklenmemiş, İlk siz ekleyin!

MARC

LEADER 00000nam^a2200000^a^4500
001 000229143
005 20250521000000.0
009 20260310104351.194
020 |a 968-19-0303-X 
035 |a 049125 
037 |a Acervo Xavier Clavigero 
082 |a 327. 972  |b CAS 
100 |a Castañeda, Jorge G.  |e (autor) 
245 1 4 |a THE ESTADOS UNIDOS AFFAIR:  |b CINCO ENSAYOS SOBRE UN AMOR OBLICUO /  |c JORGE G. CASTAÑEDA 
264 |a Madrid, España :  |b Aguilar,  |c 1996 
300 |a 126p. 
336 |a texto  |b txt  |2 rdacontenido 
337 |a sin mediación  |b n  |2 rdamedio 
338 |a volumen  |b nc  |2 rdasoporte 
440 |a NUEVO SIGLO 
520 |a Esta obra es un lúcido y devastador análisis sobre las relaciones bilaterales entre Estados Unidos y México. En estos ensayos, Jorge Castañeda advierte la necesidad de cuestionar los acuerdos que el gobierno mexicano ha negociado durante las dos últimas décadas con Estados Unidos, de plantear nuevas estrategias a partir de la inequidad y las diferencias culturales para que ésas puedan ser viables, así como de señalar la responsabilidad, aún no acatada, del gobierno mexicano en materia migratoria frente al ya conocido sentimiento xenófobo que la política estadounidense orienta y manipula y que a 
649 |a XX 
650 |a Relaciones Internacionales -  |z México-EUA 
650 |a Inmigración -  |z EUA 
910 |a Fondo General 
920 |a Impresos - Libros 
930 |a Colección General 
905 |a 101 
901 |a 049125  |b IT1  |c ACC  |i 049125  |u 20250521 
902 |a https://opac.biblio.iteso.mx/vufind/Record/000229143